000 00332nam a22001457a 4500
999 _c15685
_d15685
003 OSt
008 190528b ||||| |||| 00| 0 eng d
020 _a9788176220019
082 _a635
_bTAF/GR
100 _aTaft, L R
_94177
245 _aGreen House Management
260 _aDelhi
_bBiotech
_c2016
300 _a382 p.
942 _cBK